[Event "London Classic Superrapid"]
[Site "London ENG"]
[Date "2016.12.18"]
[Round "8.22"]
[White "Buckley, Graeme N"]
[Black "Hebden, Mark L"]
[Result "1/2-1/2"]
[WhiteTitle "IM"]
[BlackTitle "GM"]
[WhiteElo "2342"]
[BlackElo "2492"]
[WhiteFideId "402265"]
[BlackFideId "400084"]
[EventDate "2016.12.17"]

1. b4 e5 2. Bb2 Bxb4 3. Bxe5 Nf6 4. Nc3 Be7 5. e3 O-O 6. Nf3 d5 7. Nb5 Ne8 8. c4
c6 9. Nc3 Nd7 10. Bg3 Ndf6 11. Qc2 Nd6 12. cxd5 cxd5 13. Be2 Bf5 14. Qb3 Nde4
15. O-O Bg4 16. Rfd1 b6 17. Nb5 Nc5 18. Qb2 Nfe4 19. Be5 f6 20. Bd4 Qd7 21. d3
Na4 22. Qc2 Nec5 23. Nc3 Nxc3 24. Bxc3 Rac8 25. Nd4 f5 26. Bxg4 fxg4 27. Qe2 Na4
28. Bb2 Bh4 29. g3 Bf6 30. Rac1 Nxb2 31. Qxb2 Rc5 32. Qb4 Bxd4 33. Qxd4 Qf5 34.
e4 Qf3 35. Re1 dxe4 36. dxe4 Rxc1 37. Rxc1 Qf7 38. a4 h5 39. e5 Re8 40. Re1 Qe6
41. Re4 Re7 42. Re1 Kh7 43. Qe4+ g6 44. Qd4 Qc6 45. Qf4 Qd5 46. e6 Kg7 47. Qe3
g5 48. Qc3+ Kg6 49. Qh8 Rxe6 50. Qg8+ Kf6 51. Qf8+ Kg6 52. Qg8+ Kf6 53. Qf8+ 1/2-1/2

[Event "London Classic Superrapid"]
[Site "London ENG"]
[Date "2016.12.18"]
[Round "8.23"]
[White "Adair, James R"]
[Black "Williams, Simon K"]
[Result "0-1"]
[WhiteTitle "IM"]
[BlackTitle "GM"]
[WhiteElo "2489"]
[BlackElo "2443"]
[WhiteFideId "406252"]
[BlackFideId "404454"]
[EventDate "2016.12.17"]

1. e4 g6 2. d4 Bg7 3. Nc3 d6 4. Be3 a6 5. Qd2 b5 6. h4 Nf6 7. f3 h5 8. Nh3 Bxh3
9. Rxh3 Nbd7 10. O-O-O c6 11. Kb1 Qc7 12. Bf4 O-O-O 13. a4 e5 14. Bg5 exd4 15.
Qxd4 Qb6 16. Qd2 Nc5 17. Be3 Nfd7 18. axb5 axb5 19. Bd4 Bxd4 20. Qxd4 Ne6 21.
Qb4 Ndc5 22. Ne2 Kc7 23. b3 Ra8 24. Kb2 Qa5 25. Qxa5+ Rxa5 26. b4 Na4+ 27. Kb3
Ra7 28. Nc3 Nxc3 29. Kxc3 Ra3+ 30. Kd2 Rha8 31. Rh1 Ra2 32. Rb1 R8a3 33. Rg1 Nd4
34. Bd3 c5 35. bxc5 dxc5 36. e5 c4 37. Be4 Kb6 38. Rb4 Kc5 39. Rbb1 b4 40. Rgc1
Nb3+ 0-1

[Event "London Classic Superrapid"]
[Site "London ENG"]
[Date "2016.12.18"]
[Round "8.24"]
[White "Lalic, Bogdan"]
[Black "Zujev, Oleg"]
[Result "1-0"]
[WhiteTitle "GM"]
[WhiteElo "2443"]
[BlackElo "2340"]
[WhiteFideId "409081"]
[BlackFideId "12801585"]
[EventDate "2016.12.17"]

1. c4 Nf6 2. Nc3 e5 3. Nf3 d6 4. d4 Nbd7 5. e4 c6 6. Be2 Be7 7. O-O O-O 8. Be3
Re8 9. d5 Nf8 10. dxc6 bxc6 11. c5 Ne6 12. cxd6 Bxd6 13. Bc4 Qe7 14. Ng5 Nxg5
15. Bxg5 Bc5 16. Qa4 Be6 17. b3 Rac8 18. Rac1 h6 19. Bxf6 Qxf6 20. Bxe6 Rxe6 21.
Qc4 Bd4 22. Nd5 Qh4 23. Qe2 Rg6 24. Kh1 Rb8 25. g3 Qd8 26. Ne3 Qb6 27. Nf5 Kh7
28. Rc4 Rf6 29. Nxd4 exd4 30. e5 Rg6 31. Rfc1 Rd8 32. f4 d3 33. Qe4 d2 34. Rd1
Qf2 35. Rc3 Kh8 36. Qf3 Qe1+ 37. Kg2 Rd4 38. Re3 Rxf4 39. Rexe1 dxe1=N+ 40. Rxe1
Rxf3 41. Kxf3 Re6 42. Kf4 f6 43. Kf5 Re8 44. e6 Kg8 45. Rd1 Kf8 46. Rd7 Re7 47.
Rd8+ Re8 48. Rxe8+ Kxe8 49. Kg6 Ke7 50. Kxg7 a5 51. Kxh6 a4 52. Kg6 Kxe6 53. h4
c5 54. h5 1-0

[Event "London Classic Superrapid"]
[Site "London ENG"]
[Date "2016.12.18"]
[Round "9.1"]
[White "Bacrot, Etienne"]
[Black "Fressinet, Laurent"]
[Result "1/2-1/2"]
[WhiteTitle "GM"]
[BlackTitle "GM"]
[WhiteElo "2689"]
[BlackElo "2672"]
[WhiteFideId "605506"]
[BlackFideId "608742"]
[EventDate "2016.12.17"]

1. e4 e5 2. Nf3 Nc6 3. Bb5 a6 4. Ba4 Nf6 5. O-O Be7 6. d3 b5 7. Bb3 d6 8. a3 O-O
9. Nc3 Na5 10. Ba2 Be6 11. b4 Bxa2 12. Rxa2 Nc6 13. Bg5 Ng4 14. Bd2 Nf6 15. Re1
Re8 16. Qb1 Qd7 17. Qb3 Rab8 18. a4 Nd8 19. axb5 axb5 20. Rea1 Rb7 21. Ne2 Ne6
22. Ng3 Bf8 23. h3 g6 24. Ra8 c6 25. Be3 Bg7 26. R8a7 Reb8 27. Rxb7 Rxb7 28. c3
Qc7 29. Ra6 h6 30. Qa2 d5 31. Ra8+ Kh7 32. Qa6 dxe4 33. dxe4 Nd7 34. h4 Nb6 35.
Bxb6 Rxb6 36. Qa2 Rb8 37. Rxb8 Qxb8 38. h5 Qd6 39. Qd2 1/2-1/2

[Event "London Classic Superrapid"]
[Site "London ENG"]
[Date "2016.12.18"]
[Round "9.2"]
[White "Howell, David W L"]
[Black "Gunina, Valentina"]
[Result "0-1"]
[WhiteTitle "GM"]
[BlackTitle "GM"]
[WhiteElo "2644"]
[BlackElo "2525"]
[WhiteFideId "410608"]
[BlackFideId "4167570"]
[EventDate "2016.12.17"]

1. Nf3 Nf6 2. g3 d5 3. Bg2 c6 4. c4 dxc4 5. O-O Nbd7 6. Na3 Nb6 7. Qc2 Be6 8.
Ng5 Qc8 9. b3 cxb3 10. axb3 Bf5 11. d3 e6 12. Nc4 Nxc4 13. bxc4 Be7 14. Ba3 Bxa3
15. Rxa3 O-O 16. Rfa1 a6 17. Nf3 Qc7 18. Qb2 Rab8 19. Qe5 Qe7 20. Nd4 Bg6 21.
Rb3 Rbd8 22. h3 Nd7 23. Qe3 Nc5 24. Rb6 e5 25. Nb3 Nxb3 26. Rxb3 f5 27. f4 e4
28. dxe4 fxe4 29. c5 Rd5 30. Rab1 Qxc5 31. Qxc5 Rxc5 32. Rxb7 Rb5 33. g4 Rxf4
34. e3 Rf7 35. Rb8+ Rf8 36. Rxf8+ Kxf8 37. Rc1 c5 38. h4 Ke7 39. h5 Bf7 40. Bxe4
Rb4 41. Bxh7 Rxg4+ 42. Kf2 Rg5 43. Bg6 Bxg6 44. hxg6 a5 45. Ke2 Kd6 46. Kd3 Rxg6
47. Ra1 Rg5 48. e4 Rg3+ 49. Kc4 Re3 50. Rg1 Rxe4+ 51. Kc3 Re7 52. Kc4 a4 53.
Rg6+ Ke5 54. Kxc5 Kf5 55. Rg1 g5 56. Rf1+ Kg6 57. Rg1 Re4 58. Kd5 Rb4 59. Ke5 a3
60. Ra1 Ra4 61. Ra2 g4 0-1

[Event "London Classic Superrapid"]
[Site "London ENG"]
[Date "2016.12.18"]
[Round "9.3"]
[White "Safarli, Eltaj"]
[Black "Melkumyan, Hrant"]
[Result "1/2-1/2"]
[WhiteTitle "GM"]
[BlackTitle "GM"]
[WhiteElo "2691"]
[BlackElo "2633"]
[WhiteFideId "13402129"]
[BlackFideId "13302485"]
[EventDate "2016.12.17"]

1. e4 c6 2. d4 d5 3. exd5 cxd5 4. c4 Nf6 5. Nc3 e6 6. Nf3 Bb4 7. cxd5 Nxd5 8.
Bd2 Nc6 9. Bd3 Be7 10. O-O O-O 11. Re1 Bf6 12. Nxd5 Qxd5 13. Be4 Qd8 14. Bc3 Ne7
15. Ne5 Nd5 16. Qh5 g6 17. Qf3 Bg7 18. Rad1 a5 19. g3 Ra6 20. h4 h5 21. Bd2 b5
22. Bg5 Qd6 23. Rc1 Bb7 24. Qe2 Rb6 25. Bd2 Nb4 26. Bxb7 Rxb7 27. a3 Nd5 28.
Bxa5 Ra8 29. b4 Bxe5 30. dxe5 Qd7 31. Rc5 Rc8 32. Qc2 Rbb8 33. Rc1 Rxc5 34. Qxc5
Qb7 35. Qc6 Qxc6 36. Rxc6 Kg7 37. Kg2 Kh6 38. Kf3 g5 39. hxg5+ Kxg5 40. Ke4 Kg6
41. Rc1 Rh8 42. Kd4 Kf5 43. Rh1 Rc8 44. Rxh5+ Kg6 45. Rh4 Rc4+ 46. Kd3 Rc3+ 47.
Ke4 Rc4+ 48. Kf3 Rc3+ 49. Ke4 Rxa3 50. Rg4+ Kh6 51. Rh4+ Kg7 52. Rg4+ Kf8 53.
Rh4 Ra2 54. Kf3 Kg7 55. Rg4+ Kh7 56. Bd8 Ra3+ 57. Kg2 Ra2 58. Kf3 Ra3+ 59. Kg2
Ra2 60. Kf3 Ra3+ 61. Kg2 Ra2 1/2-1/2

[Event "London Classic Superrapid"]
[Site "London ENG"]
[Date "2016.12.18"]
[Round "9.4"]
[White "McShane, Luke J"]
[Black "Hovhannisyan, Robert"]
[Result "1-0"]
[WhiteTitle "GM"]
[BlackTitle "GM"]
[WhiteElo "2652"]
[BlackElo "2630"]
[WhiteFideId "404853"]
[BlackFideId "13302507"]
[EventDate "2016.12.17"]

1. e4 e5 2. Nf3 Nc6 3. Bb5 Nf6 4. d3 Bc5 5. Bxc6 dxc6 6. Nbd2 Bg4 7. h3 Bh5 8.
Qe2 Nd7 9. g4 Bg6 10. Nc4 Qe7 11. Bd2 b6 12. O-O-O O-O-O 13. Kb1 Kb7 14. Bc1 f6
15. Nh4 Bf7 16. Nf5 Qf8 17. h4 g6 18. Ng3 Qg7 19. h5 Nf8 20. Qf3 Bxc4 21. dxc4
Ne6 22. c3 a5 23. Qe2 Rhg8 24. f3 Qf7 25. b3 Qe7 26. Kc2 Nf4 27. Qh2 Qe6 28.
Bxf4 exf4 29. Ne2 g5 30. Nd4 Bxd4 31. cxd4 a4 32. Qe2 Qe7 33. Qd2 Qa3 34. Ra1
Qd6 35. Rhd1 c5 36. d5 Ra8 37. Rdb1 Ra5 38. b4 cxb4 39. Qxb4 Rc5 40. Qc3 Rc8 41.
Rb4 Ra8 42. Rab1 Raa5 43. Kd3 Kc8 44. Ke2 Kd7 45. Qc2 Qe5 46. Qb2 Qd6 47. Rd1
Ra8 48. Rd3 Ra6 49. Kd2 Qe5 50. Qxe5 fxe5 51. Ra3 Rca5 52. Kc3 c5 53. dxc6+ Kxc6
54. Kc2 Ra7 55. Rd3 Rc5 56. Kc3 Ra8 57. Rd5 h6 58. Rb5 Rxd5 59. Rxd5 Re8 60. Kb4
a3 61. Kxa3 Ra8+ 62. Kb3 Re8 63. a4 Re7 64. Kb4 Re8 65. c5 bxc5+ 66. Rxc5+ Kd6
67. a5 Rb8+ 68. Rb5 Rc8 69. Rd5+ Ke6 70. a6 Rb8+ 71. Rb5 Ra8 72. Rb6+ Kd7 73.
Kb5 Kc7 74. Rb7+ Kd6 75. a7 1-0

[Event "London Classic Superrapid"]
[Site "London ENG"]
[Date "2016.12.18"]
[Round "9.5"]
[White "Istratescu, Andrei"]
[Black "Turner, Matthew J"]
[Result "1/2-1/2"]
[WhiteTitle "GM"]
[BlackTitle "GM"]
[WhiteElo "2596"]
[BlackElo "2523"]
[WhiteFideId "1200372"]
[BlackFideId "402893"]
[EventDate "2016.12.17"]

1. d4 Nf6 2. c4 e6 3. Nf3 b6 4. g3 Ba6 5. Qb3 c5 6. d5 exd5 7. cxd5 d6 8. Bg2 g6
9. Nc3 Bg7 10. O-O O-O 11. Re1 Re8 12. a4 Nbd7 13. Nb5 Re4 14. Bd2 Bb7 15. Nc3
Rb4 16. Qc2 Qe7 17. e4 Re8 18. Nh4 Ng4 19. Nd1 Rd4 20. Bc3 Rc4 21. h3 Bxc3 22.
bxc3 Ngf6 23. Nb2 Rxe4 24. Bxe4 Nxe4 25. c4 f5 26. f3 Qe5 27. fxe4 Qxg3+ 28. Ng2
Ne5 29. Re3 Nf3+ 30. Rxf3 Qxf3 31. Re1 Qxh3 32. exf5 Rxe1+ 33. Nxe1 Qg4+ 34. Ng2
gxf5 35. Qd2 Kf7 36. Qh6 Qd4+ 37. Ne3 f4 38. Qxh7+ Kf8 39. Qh6+ Kf7 40. Qe6+ Kg7
41. Qe7+ Kg8 42. Qe8+ Kg7 43. Qe7+ Kg8 44. Qd8+ Kg7 45. Qd7+ Kg8 46. Qd8+ Kg7
47. Qc7+ Kg6 48. Qxd6+ Kh5 49. Nd1 fxe3 50. Qh2+ Kg5 51. Qg3+ Qg4 52. Qxg4+ Kxg4
53. Nxe3+ Kf4 54. Kf2 Bc8 55. Ke2 Bd7 56. a5 bxa5 57. Kd3 a4 58. Nd1 a3 59. Kc3
Kf3 60. Kb3 Ke2 61. Nc3+ Kd3 62. d6 a5 63. Nd5 a2 64. Kxa2 Kxc4 65. Nb6+ Kb5 66.
Nxd7 Kc6 67. Nxc5 Kxd6 68. Nb7+ Kc7 69. Nxa5 1/2-1/2

[Event "London Classic Superrapid"]
[Site "London ENG"]
[Date "2016.12.18"]
[Round "9.6"]
[White "Jones, Gawain C B"]
[Black "Speelman, Jon S"]
[Result "1/2-1/2"]
[WhiteTitle "GM"]
[BlackTitle "GM"]
[WhiteElo "2667"]
[BlackElo "2526"]
[WhiteFideId "409561"]
[BlackFideId "400033"]
[EventDate "2016.12.17"]

1. e4 c6 2. d4 d5 3. e5 Bf5 4. h4 h5 5. Bd3 Bxd3 6. Qxd3 e6 7. Bg5 Qb6 8. Nd2
Qa6 9. c4 Nd7 10. Ne2 dxc4 11. Nxc4 Nb6 12. b3 Nxc4 13. bxc4 Qa3 14. Qc2 Be7 15.
Rh3 Qa5+ 16. Kf1 Bxg5 17. hxg5 Ne7 18. Rb1 Qc7 19. Rhb3 b6 20. Qe4 Rd8 21. Nf4
g6 22. Rd3 O-O 23. a4 Rd7 24. Rbd1 Rfd8 25. Kg1 Kg7 26. g3 a6 27. Qe2 b5 28.
axb5 axb5 29. cxb5 cxb5 30. Qb2 Qb7 31. Rb3 Qe4 32. Re3 Qb7 33. Rb3 Qe4 34. Re3 1/2-1/2

[Event "London Classic Superrapid"]
[Site "London ENG"]
[Date "2016.12.18"]
[Round "9.7"]
[White "Moussard, Jules"]
[Black "Lenderman, Aleksandr"]
[Result "1-0"]
[WhiteTitle "GM"]
[BlackTitle "GM"]
[WhiteElo "2571"]
[BlackElo "2581"]
[WhiteFideId "642908"]
[BlackFideId "2021285"]
[EventDate "2016.12.17"]

1. Nf3 d5 2. g3 Nd7 3. Bg2 e5 4. O-O Ngf6 5. c4 e4 6. Ne1 dxc4 7. Qa4 c6 8. Qxc4
Nc5 9. b4 Be6 10. Qc2 Ncd7 11. Nc3 Bxb4 12. Nxe4 Nxe4 13. Bxe4 Bd6 14. d4 Nf6
15. Bg2 O-O 16. e4 Bc7 17. Bb2 Bb6 18. Rd1 Bxa2 19. d5 cxd5 20. Bxf6 Qxf6 21.
Qxa2 dxe4 22. Bxe4 Qe7 23. Qb1 g6 24. Nf3 Rad8 25. Bd5 Rd7 26. Rd2 Rfd8 27. Qb3
Qf6 28. Rfd1 g5 29. Qc4 h5 30. h4 g4 31. Ng5 Kg7 32. Qe4 Qg6 33. Qxg6+ Kxg6 34.
Be4+ 1-0

[Event "London Classic Superrapid"]
[Site "London ENG"]
[Date "2016.12.18"]
[Round "9.8"]
[White "Cornette, Matthieu"]
[Black "Hector, Jonny"]
[Result "1-0"]
[WhiteTitle "GM"]
[BlackTitle "GM"]
[WhiteElo "2597"]
[BlackElo "2488"]
[WhiteFideId "620084"]
[BlackFideId "1700090"]
[EventDate "2016.12.17"]

1. e4 e5 2. Nf3 Nc6 3. Bc4 Nf6 4. d3 Bc5 5. O-O O-O 6. a4 d6 7. c3 a5 8. Bg5 h6
9. Bh4 g5 10. Bg3 Bg4 11. h3 Bh5 12. Nbd2 Bg6 13. Bb3 Nh5 14. Bh2 Qf6 15. Nc4
Nf4 16. Ne3 Rfe8 17. Bxf4 gxf4 18. Nd5 Qd8 19. Re1 Ba7 20. d4 Kg7 21. Qd3 Nb8
22. dxe5 dxe5 23. Qb5 Na6 24. Rad1 Qc8 25. Qxa5 b6 26. Qb5 c6 27. Qe2 Nc5 28.
Bc2 cxd5 29. Rxd5 Bb8 30. Qb5 Bc7 31. b4 Ne6 32. Bb3 Ng5 33. Nxg5 hxg5 34. Rd7
Ra7 35. Bd5 Bb8 36. Rxa7 Bxa7 37. c4 f3 38. Bc6 Re7 39. Re3 fxg2 40. Rg3 Qd8 41.
Bd5 Re8 42. Kxg2 Rh8 43. Qc6 Qe7 44. b5 Rd8 45. c5 bxc5 46. b6 Bb8 47. a5 Qd6
48. Qxd6 Rxd6 49. Rxg5 c4 50. Rg3 f5 51. exf5 Rxd5 52. a6 Ra5 53. a7 Bxa7 54.
bxa7 Rxa7 55. Rxg6+ Kf7 56. Rc6 c3 57. Kf3 Ra4 58. Rxc3 Kf6 59. Rc8 Kxf5 60.
Rf8+ Kg5 61. Rg8+ Kf5 62. Kg2 Rb4 63. Rg3 Ra4 64. Rf3+ Kg5 65. Kg3 Rb4 66. Re3
Kf5 67. f3 Rb1 68. Re4 Rg1+ 69. Kf2 Rh1 70. Kg2 Ra1 71. Rg4 Rb1 72. h4 Ra1 73.
h5 Ra8 74. Kg3 Rh8 75. Kh4 Rh7 76. Rg8 Rf7 77. h6 Kf4 78. Rg7 Rf6 79. Kh5 Rf5+
80. Kg6 Rg5+ 81. Kh7 Rf5 82. Kg8 Kxf3 83. Rf7 1-0

[Event "London Classic Superrapid"]
[Site "London ENG"]
[Date "2016.12.18"]
[Round "9.9"]
[White "Svane, Rasmus"]
[Black "Gupta, Abhijeet"]
[Result "1/2-1/2"]
[WhiteTitle "GM"]
[BlackTitle "GM"]
[WhiteElo "2555"]
[BlackElo "2634"]
[WhiteFideId "4657101"]
[BlackFideId "5010608"]
[EventDate "2016.12.17"]

1. Nf3 Nf6 2. c4 g6 3. g3 Bg7 4. Bg2 O-O 5. O-O d6 6. d4 Nbd7 7. Nc3 e5 8. e4
exd4 9. Nxd4 Nc5 10. Re1 Re8 11. h3 a5 12. Bf4 h6 13. b3 Bd7 14. Rb1 Nh7 15. Qd2
Ng5 16. h4 Bxd4 17. hxg5 Bxc3 18. Qxc3 hxg5 19. Bc1 f6 20. Bb2 Bc6 21. Re3 g4
22. Rbe1 Kg7 23. f4 gxf3 24. Rxf3 Nd7 25. Rf4 Qe7 26. Ref1 Rf8 27. c5 Ne5 28.
cxd6 cxd6 29. Qd4 Qe6 30. Rd1 Rad8 31. Ba3 Rd7 32. Qc3 b5 33. Qxa5 f5 34. Qb4
Bxe4 35. Rxd6 Rxd6 36. Qxd6 Qxd6 37. Bxd6 Re8 38. Bxe5+ Rxe5 39. Bxe4 fxe4 40.
Kf1 g5 41. Rf2 b4 42. Rc2 Rf5+ 43. Ke2 Rf3 44. Rc4 Rxg3 45. Rxe4 Rg2+ 46. Kf3
Rxa2 47. Rxb4 1/2-1/2

[Event "London Classic Superrapid"]
[Site "London ENG"]
[Date "2016.12.18"]
[Round "9.10"]
[White "Zinchenko, Yaroslav"]
[Black "Hawkins, Jonathan"]
[Result "0-1"]
[WhiteTitle "GM"]
[BlackTitle "GM"]
[WhiteElo "2547"]
[BlackElo "2590"]
[WhiteFideId "14110547"]
[BlackFideId "412686"]
[EventDate "2016.12.17"]

1. e4 c6 2. d4 d5 3. exd5 cxd5 4. Bd3 Nc6 5. c3 Qc7 6. Na3 a6 7. Nc2 Nf6 8. Ne2
Bg4 9. f3 Bd7 10. Bf4 e5 11. dxe5 Nxe5 12. O-O Bd6 13. Kh1 O-O 14. Ne3 Rfe8 15.
Nd4 Nc4 16. Bxd6 Nxd6 17. Qd2 Nc4 18. Bxc4 dxc4 19. Rae1 Rad8 20. Re2 Re5 21.
Rfe1 b5 22. Nf1 Rxe2 23. Qxe2 Qd6 24. Qe5 Qb6 25. Ne3 Re8 26. Qg3 Qc5 27. a3 h6
28. Nec2 Rxe1+ 29. Nxe1 Qe7 30. Nec2 Kh7 31. Kg1 Nd5 32. Kf2 a5 33. Qb8 Qg5 34.
Qd6 Qd2+ 35. Kg3 Nf6 36. Qe5 Qc1 37. h3 Qxb2 38. Ne3 Qxc3 39. Nef5 b4 40. Qxa5
Qxa3 41. Qd8 Qd3 42. Qa5 0-1

[Event "London Classic Superrapid"]
[Site "London ENG"]
[Date "2016.12.18"]
[Round "9.11"]
[White "Deepan, Chakkravarthy J."]
[Black "Nunn, John D M"]
[Result "1/2-1/2"]
[WhiteTitle "GM"]
[BlackTitle "GM"]
[WhiteElo "2471"]
[BlackElo "2600"]
[WhiteFideId "5011132"]
[BlackFideId "400017"]
[EventDate "2016.12.17"]

1. e4 c5 2. Nf3 d6 3. d4 Nf6 4. Nc3 cxd4 5. Nxd4 a6 6. g3 e5 7. Nde2 Be7 8. Bg2
O-O 9. O-O b5 10. a4 bxa4 11. Nxa4 Bb7 12. Nec3 Nbd7 13. Bg5 Rc8 14. Qd3 Qc7 15.
Bh3 Rcd8 16. Rfc1 Rfe8 17. Bxd7 Rxd7 18. Bxf6 Bxf6 19. Nd5 Bxd5 20. Qxd5 Bg5 21.
Rd1 Qxc2 22. Nb6 Rdd8 23. Nc4 Re6 24. Qd3 Qxd3 25. Rxd3 f5 26. exf5 Rf6 27. h4
Bh6 28. Rxa6 Rxf5 29. Raxd6 Rdf8 30. f3 Rxf3 31. Rxf3 Rxf3 32. Rd8+ Rf8 33.
Rxf8+ Kxf8 34. Nxe5 Ke7 35. Kf2 Ke6 36. Nc4 Kd5 37. b3 g6 38. Kf3 Bc1 39. g4 h5
40. g5 Kd4 41. Nb6 Ba3 42. Nd7 Bb4 43. Ke2 Bd6 44. Kf3 Bb4 45. Nf6 Be1 46. Nxh5
Bxh4 47. Nf4 Ke5 1/2-1/2

[Event "London Classic Superrapid"]
[Site "London ENG"]
[Date "2016.12.18"]
[Round "9.12"]
[White "Ehlvest, Jaan"]
[Black "Flear, Glenn C"]
[Result "1-0"]
[WhiteTitle "GM"]
[BlackTitle "GM"]
[WhiteElo "2532"]
[BlackElo "2428"]
[WhiteFideId "4500016"]
[BlackFideId "400165"]
[EventDate "2016.12.17"]

1. e4 e5 2. Nf3 Nc6 3. Nc3 Nf6 4. Be2 d5 5. exd5 Nxd5 6. O-O Nxc3 7. bxc3 e4 8.
Ne1 Bd6 9. f3 exf3 10. Nxf3 O-O 11. Rb1 b6 12. d4 Bg4 13. Qd3 Be7 14. Qe4 Bd7
15. Bd3 g6 16. Bh6 Re8 17. Bc4 Bd6 18. Qd5 Re6 19. Ng5 1-0

[Event "London Classic Superrapid"]
[Site "London ENG"]
[Date "2016.12.18"]
[Round "9.14"]
[White "Pert, Richard G"]
[Black "Gallagher, Joseph G."]
[Result "1-0"]
[WhiteTitle "IM"]
[BlackTitle "GM"]
[WhiteElo "2423"]
[BlackElo "2433"]
[WhiteFideId "404748"]
[BlackFideId "1303422"]
[EventDate "2016.12.17"]

1. d4 Nf6 2. Bg5 Ne4 3. Bf4 d5 4. e3 e6 5. Bd3 b6 6. Bxe4 dxe4 7. Nc3 Bb7 8.
Nge2 Bd6 9. Bxd6 Qxd6 10. Ng3 f5 11. Qh5+ g6 12. Qe2 Ba6 13. Qd2 Nd7 14. O-O-O
O-O-O 15. f3 exf3 16. gxf3 e5 17. Qf2 exd4 18. Rxd4 Qe7 19. Nd5 Qf7 20. Rhd1 Nf6
21. e4 Nxd5 22. exd5 Rhe8 23. Qd2 Qe7 24. Kb1 Qe3 25. a4 Qxd2 26. R1xd2 Re3 27.
f4 Rde8 28. d6 cxd6 29. Rxd6 Bb7 30. R2d4 R3e6 31. Rd7 R6e7 32. R7d6 Kc7 33. b4
Bc8 34. b5 Rd7 35. Rc6+ Kb8 36. Rxd7 Bxd7 37. Rf6 Re7 38. Kc1 Kc7 39. Kd2 Be8
40. c4 Rd7+ 41. Kc3 Rd1 42. Ne2 Rh1 43. a5 Rxh2 44. Nd4 Rh3+ 45. Kb4 Rd3 46.
axb6+ axb6 47. Ne6+ Kd7 48. Nf8+ Ke7 49. Nxh7 Rh3 50. Rxb6 Rxh7 51. Rb7+ Bd7 52.
c5 Rh4 53. c6 Rxf4+ 54. Kc5 Ke6 55. Rxd7 Rf1 56. Rd8 Rc1+ 57. Kb6 f4 58. c7 g5
59. c8=Q+ Rxc8 60. Rxc8 f3 61. Rf8 g4 62. Kc7 Kd5 1-0

[Event "London Classic Superrapid"]
[Site "London ENG"]
[Date "2016.12.18"]
[Round "9.15"]
[White "Arkell, Keith C"]
[Black "Blomqvist, Erik"]
[Result "0-1"]
[WhiteTitle "GM"]
[BlackTitle "GM"]
[WhiteElo "2447"]
[BlackElo "2567"]
[WhiteFideId "400270"]
[BlackFideId "1709437"]
[EventDate "2016.12.17"]

1. d4 d5 2. Nf3 Nf6 3. c4 c6 4. Qc2 dxc4 5. Qxc4 Bg4 6. Nbd2 Nbd7 7. g3 e6 8.
Bg2 Be7 9. O-O O-O 10. Ne5 Bh5 11. Ndf3 Rc8 12. Bg5 h6 13. Bxf6 Bxf6 14. Rfd1
Bxf3 15. Nxf3 Qb6 16. b4 a5 17. a3 Ra8 18. Rab1 axb4 19. Qxb4 Ra6 20. Qxb6 Nxb6
21. Rb3 Rfa8 22. Rdb1 Bd8 23. e3 Rxa3 24. Rxb6 Bxb6 25. Rxb6 Ra1+ 26. Bf1 Rd1
27. Kg2 Raa1 28. Bc4 Rdb1 29. Rxb1 Rxb1 30. Ne5 b5 31. Bd3 Rc1 32. Be4 b4 33.
Nd3 Rc4 34. Nc5 e5 35. Bxc6 exd4 36. exd4 b3 37. Be4 Rxd4 38. Kf3 b2 39. Bb1 Rd1
40. Be4 Re1 41. Bd3 b1=Q 42. Bxb1 Rxb1 43. h4 g6 44. Nd3 Rb3 45. Ke4 Kg7 46. Nf4
f5+ 47. Kd4 Rf3 48. Nd3 Kf6 49. Kc3 f4 50. g4 h5 51. Kd4 hxg4 52. Ke4 Rxd3 53.
Kxd3 Ke5 0-1

[Event "London Classic Superrapid"]
[Site "London ENG"]
[Date "2016.12.18"]
[Round "9.16"]
[White "Williams, Simon K"]
[Black "Ansell, Simon T"]
[Result "1-0"]
[WhiteTitle "GM"]
[BlackTitle "IM"]
[WhiteElo "2443"]
[BlackElo "2349"]
[WhiteFideId "404454"]
[BlackFideId "402141"]
[EventDate "2016.12.17"]

1. d4 d5 2. c4 c6 3. Nf3 Nf6 4. Qc2 dxc4 5. e4 b5 6. b3 cxb3 7. axb3 e6 8. Bd2
a5 9. Bd3 Bb7 10. O-O Be7 11. Rd1 Nbd7 12. Nc3 h6 13. h3 Qc8 14. e5 Nd5 15. Nxd5
cxd5 16. Qxc8+ Bxc8 17. Bxb5 Rb8 18. Ba4 O-O 19. Bxa5 Nb6 20. Bc6 Ba6 21. Rdc1
Be2 22. Rc3 f6 23. Re1 Bxf3 24. Rxf3 Rfc8 25. exf6 Rxc6 26. fxe7 Re8 27. Bb4 Nd7
28. Ra1 Nf6 29. Ra7 Kf7 30. Bc5 e5 31. dxe5 Rxc5 32. exf6 d4 33. fxg7+ Kxg7 34.
Rd7 Rc3 35. Rxc3 dxc3 36. Rc7 1-0

[Event "London Classic Superrapid"]
[Site "London ENG"]
[Date "2016.12.18"]
[Round "9.17"]
[White "Roberson, Peter T"]
[Black "Lalic, Bogdan"]
[Result "1/2-1/2"]
[WhiteTitle "IM"]
[BlackTitle "GM"]
[WhiteElo "2401"]
[BlackElo "2443"]
[WhiteFideId "412384"]
[BlackFideId "409081"]
[EventDate "2016.12.17"]

1. e4 c5 2. c3 Nf6 3. e5 Nd5 4. Nf3 Nc6 5. Bc4 Nb6 6. Bb3 d5 7. exd6 c4 8. Bc2
e5 9. O-O Be6 10. a4 Bxd6 11. a5 Nd7 12. a6 bxa6 13. Rxa6 Qc8 14. Ra1 Nc5 15. d4
cxd3 16. Bxd3 Nxd3 17. Qxd3 Be7 18. Re1 f6 19. Be3 O-O 20. Nbd2 Rd8 21. Qa6 Rd7
22. b4 Nd8 23. Ne4 Qxa6 24. Rxa6 Bc4 25. Ra3 Ne6 26. Rea1 a6 27. Ned2 Be2 28. h3
Rc8 29. c4 Bxb4 30. Rxa6 Nd4 31. Bxd4 exd4 32. Ra7 Rxa7 33. Rxa7 Bxf3 34. Nxf3
Rxc4 35. Rd7 Bc5 36. Kf1 Rc2 37. Ne1 Rd2 38. Rd5 1/2-1/2

[Event "London Classic Superrapid"]
[Site "London ENG"]
[Date "2016.12.18"]
[Round "9.18"]
[White "McPhillips, Joseph"]
[Black "Cherniaev, Alexander"]
[Result "0-1"]
[WhiteTitle "FM"]
[BlackTitle "GM"]
[WhiteElo "2395"]
[BlackElo "2439"]
[WhiteFideId "422487"]
[BlackFideId "4117301"]
[EventDate "2016.12.17"]

1. e4 g6 2. d4 Bg7 3. Nf3 d6 4. Nc3 a6 5. a4 b6 6. Bc4 e6 7. O-O Ne7 8. Ne2 Bb7
9. Ng3 h6 10. c3 Nd7 11. Qb3 d5 12. exd5 Nxd5 13. Re1 O-O 14. Ne4 Re8 15. Bd2
Rb8 16. Rad1 b5 17. axb5 axb5 18. Bd3 f5 19. Ng3 c5 20. Bf1 c4 21. Qxb5 Nxc3 22.
bxc3 Bxf3 23. Qxc4 Bxd1 24. Rxd1 Nb6 25. Qd3 Nd5 26. Ne2 Kh7 27. Qh3 Qc7 28. Qf3
Rb3 29. Ra1 Reb8 30. Nf4 Qd7 31. Bc4 Rb1+ 32. Rxb1 Rxb1+ 33. Bf1 Nxf4 0-1